000 00451cam a2200181ua 4500
020 _c0.75
041 _amal
_h
082 _a894.812 308
_bRAP/KA
100 _aRaphy, Ponnikkara .
245 _aKaniyile Kalyanam /
_cPonnikkara Raphy.
_hTextual Documents
250 _a1 /
_b.
260 _a :
_bSahitya Pravarthaka Co-operative Society ,
_c1961.
300 _a ; .
365 _a0.75
504 _a
942 _cBK
999 _c3879
_d3879